[Event "Isle of Wight op"]
[Site "Ryde"]
[Date "2025.02.23"]
[Round "9"]
[White "Collyer, David"]
[Black "Ward, Cian"]
[Result "1/2-1/2"]
[WhiteElo "1929"]
[BlackElo "1866"]
[PlyCount "75"]
[EventDate "2025.02.18"]
[EventType "swiss"]
[EventRounds "9"]
[EventCountry "ENG"]
[SourceTitle "CB09_2025"]
[SourceDate "2025.02.27"]
[SourceVersion "1"]
[SourceVersionDate "2025.02.27"]
[SourceQuality "1"]

1. e4 e6 2. d4 d5 3. Nc3 Bb4 4. e5 Ne7 5. a3 Bxc3+ 6. bxc3 c5 7. Qg4 0-0 8. Bd3 f5 9. exf6 Rxf6 10. Bg5 Rf7 11. Qh5 g6 12. Qh4 c4 13. Be2 Qa5 14. Bd2 Nf5 15. Qg5 Nc6 16. h4 Bd7 17. h5 h6 18. Qg4 g5 19. Qh3 Nd6 20. Bg4 Re8 21. Nf3 Ne4 22. 0-0 Nxd2 23. Nxd2 Nxd4 24. Nxc4 dxc4 25. cxd4 Qd2 26. c3 Rf6 27. Rae1 Rxf2 28. Bxe6+ Bxe6 29. Rxe6 Rxg2+ 30. Qxg2 Qxg2+ 31. Kxg2 Rxe6 32. Rb1 Re3 33. Rxb7 Rxc3 34. Rxa7 Rd3 35. Ra6 Kg7 36. Ra7+ Kg8 37. Ra6 Kg7 38. Ra7+ 1/2-1/2

[Event "Isle of Wight op"]
[Site "Ryde"]
[Date "2025.02.22"]
[Round "8"]
[White "Duke, Michael"]
[Black "Collyer, David"]
[Result "1-0"]
[WhiteElo "2045"]
[BlackElo "1929"]
[PlyCount "43"]
[EventDate "2025.02.18"]
[EventType "swiss"]
[EventRounds "9"]
[EventCountry "ENG"]
[SourceTitle "CB09_2025"]
[SourceDate "2025.02.27"]
[SourceVersion "1"]
[SourceVersionDate "2025.02.27"]
[SourceQuality "1"]

1. d4 Nf6 2. c4 g6 3. h4 Bg7 4. Nc3 c5 5. d5 d6 6. e4 0-0 7. Be2 e6 8. h5 exd5 9. exd5 b5 10. cxb5 a6 11. Qa4 Re8 12. hxg6 fxg6 13. Bg5 Bb7 14. Qh4 axb5 15. Nxb5 Qa5+ 16. Kf1 Ne4 17. Qxh7+ Kf7 18. Rh4 Nd7 19. Rf4+ Ndf6 20. Nxd6+ Kf8 21. Nxe4 Rxe4 22. Bxf6 1-0

[Event "Hampshire-chB"]
[Site "Fareham"]
[Date "2022.11.05"]
[Round "2"]
[White "Collyer, David"]
[Black "Sharples, Harry"]
[Result "1-0"]
[WhiteElo "1692"]
[BlackElo "1794"]
[PlyCount "75"]
[EventDate "2022.11.04"]
[EventType "swiss"]
[EventRounds "6"]
[EventCountry "ENG"]
[SourceTitle "EXT 2024"]
[Source "ChessBase"]
[SourceDate "2023.10.10"]
[SourceVersion "1"]
[SourceVersionDate "2023.10.10"]
[SourceQuality "1"]

1. e4 e6 2. d4 d5 3. Nc3 Nf6 4. Bg5 Bb4 5. e5 h6 6. Bd2 Bxc3 7. bxc3 Ne4 8. Bd3 Nxd2 9. Qxd2 Qg5 10. f4 Qe7 11. Nf3 b6 12. 0-0 c5 13. a4 Bd7 14. g4 c4 15. Be2 Nc6 16. Ne1 g6 17. Ng2 0-0-0 18. Kh1 f5 19. exf6 Qxf6 20. g5 Qg7 21. Ne3 Rdf8 22. Ng4 hxg5 23. fxg5 Ne7 24. Nf6 Nf5 25. Bg4 Ng3+ 26. Kg2 Nxf1 27. Rxf1 Qe7 28. Re1 Qd6 29. Re5 Rf7 30. Qe3 Kc7 31. h3 Kd8 32. Bxe6 Bxe6 33. Rxe6 Qf8 34. Qe5 Kc8 35. Re8+ Qxe8 36. Nxe8 Rfh7 37. Qe6+ Kb8 38. Nf6 1-0

[Event "Hampshire-chB"]
[Site "Fareham"]
[Date "2022.11.04"]
[Round "1"]
[White "Collyer, David"]
[Black "Wilcock, Peter"]
[Result "1-0"]
[WhiteElo "1692"]
[BlackElo "1789"]
[PlyCount "87"]
[EventDate "2022.11.04"]
[EventType "swiss"]
[EventRounds "6"]
[EventCountry "ENG"]
[SourceTitle "EXT 2024"]
[Source "ChessBase"]
[SourceDate "2023.10.10"]
[SourceVersion "1"]
[SourceVersionDate "2023.10.10"]
[SourceQuality "1"]

1. e4 c5 2. Nf3 d6 3. Bb5+ Bd7 4. Bxd7+ Qxd7 5. 0-0 g6 6. c3 Bg7 7. d4 cxd4 8. cxd4 e6 9. Nc3 Ne7 10. Be3 0-0 11. Qd2 d5 12. e5 a6 13. a4 Nbc6 14. Rfc1 Nf5 15. Bf4 f6 16. g4 Nfe7 17. Re1 Rf7 18. a5 fxe5 19. Nxe5 Nxe5 20. Bxe5 Bxe5 21. Rxe5 Nc6 22. Re2 e5 23. dxe5 Qxg4+ 24. Kf1 Nd4 25. Re3 Nb3 26. Qxd5 Nxa1 27. Ne4 Kg7 28. e6 Re7 29. Qd4+ Kh6 30. Qc3 Qxe6 31. Rh3+ Qxh3+ 32. Qxh3+ Kg7 33. Qc3+ Kh6 34. Qd2+ Kg7 35. Qd4+ Kh6 36. Nf6 Re1+ 37. Kg2 Nb3 38. Ng4+ Kg5 39. h4+ Kxh4 40. Qf4 g5 41. Qf3 Kh5 42. Ne3+ Kh6 43. Qf6+ Kh5 44. Qf7+ 1-0

[Event "Daventry 4NCL Easter op-C 2nd"]
[Site "Daventry"]
[Date "2022.04.17"]
[Round "4"]
[White "Collyer, David"]
[Black "Liu, Jacob"]
[Result "1-0"]
[WhiteElo "1663"]
[BlackElo "1415"]
[PlyCount "83"]
[EventDate "2022.04.15"]
[EventType "swiss"]
[EventRounds "7"]
[EventCountry "ENG"]
[SourceTitle "CBM 207 Extra"]
[Source "ChessBase"]
[SourceDate "2022.05.31"]
[SourceVersion "1"]
[SourceVersionDate "2022.05.31"]
[SourceQuality "1"]

1. c4 c6 2. Nf3 Nf6 3. g3 d5 4. d4 e6 5. Nc3 Nbd7 6. Bg2 dxc4 7. 0-0 b5 8. Bg5 Be7 9. Ne5 Nxe5 10. Bxf6 gxf6 11. dxe5 Bd7 12. exf6 Bxf6 13. Rb1 Rc8 14. Ne4 Be7 15. Qd4 Rg8 16. Qxa7 Ra8 17. Qd4 Rxa2 18. Rfd1 Qc7 19. Nf6+ Bxf6 20. Qxf6 c5 21. Rd2 Qd8 22. Qxd8+ Kxd8 23. Rbd1 Ra7 24. Bc6 b4 25. Rxd7+ Rxd7 26. Rxd7+ Kc8 27. Rxf7 c3 28. bxc3 bxc3 29. Rf3 Kc7 30. Be4 Rg4 31. Bxh7 Rc4 32. Bc2 e5 33. h4 e4 34. Re3 Kd6 35. Rxe4 Rxe4 36. Bxe4 Ke5 37. Bc2 Kd4 38. h5 Kc4 39. h6 Kb4 40. h7 Ka3 41. h8Q Kb2 42. Qh7 1-0

[Event "BCF-ch Yates op"]
[Site "Coventry"]
[Date "2015.08.02"]
[Round "5"]
[White "Collyer, David"]
[Black "Zigmond, Andrew"]
[Result "0-1"]
[WhiteElo "108"]
[BlackElo "123"]
[PlyCount "36"]
[EventDate "2015.07.31"]
[EventType "swiss"]
[EventRounds "5"]
[EventCountry "ENG"]
[SourceTitle "CBM 167 Extra"]
[Source "ChessBase"]
[SourceDate "2015.09.14"]
[SourceVersion "1"]
[SourceVersionDate "2015.09.14"]
[SourceQuality "1"]

1. e4 c5 2. Nf3 Nc6 3. d4 cxd4 4. Nxd4 g6 5. c4 Bg7 6. Be3 Nf6 7. Nc3 0-0 8. Be2 d6 9. Qd2 Bd7 10. Bh6 Bxh6 11. Qxh6 Nxd4 12. 0-0-0 Nxe2+ 13. Nxe2 Nxe4 14. Rdf1 Qa5 15. Kc2 Bf5 16. Kc1 Qxa2 17. h4 Qxc4+ 18. Kd1 Qd3+ 0-1

[Event "BCF-ch Yates op"]
[Site "Coventry"]
[Date "2015.08.02"]
[Round "4"]
[White "Hope, Iain"]
[Black "Collyer, David"]
[Result "1/2-1/2"]
[WhiteElo "121"]
[BlackElo "108"]
[PlyCount "93"]
[EventDate "2015.07.31"]
[EventType "swiss"]
[EventRounds "5"]
[EventCountry "ENG"]
[SourceTitle "CBM 167 Extra"]
[Source "ChessBase"]
[SourceDate "2015.09.14"]
[SourceVersion "1"]
[SourceVersionDate "2015.09.14"]
[SourceQuality "1"]

1. d4 Nf6 2. c4 d6 3. Nc3 g6 4. e4 Nbd7 5. Nf3 Bg7 6. Be2 0-0 7. 0-0 Ne8 8. Be3 e5 9. d5 f5 10. Ne1 f4 11. Bd2 Nef6 12. f3 g5 13. Nd3 h5 14. h3 Nh7 15. b4 Rf6 16. c5 Rg6 17. Be1 Ndf6 18. a4 g4 19. fxg4 hxg4 20. Bxg4 Nxg4 21. hxg4 Bxg4 22. Qc2 f3 23. g3 Bh6 24. Bf2 Ng5 25. Rfb1 Nh3+ 26. Kf1 Nxf2 27. Kxf2 Qg5 28. Re1 Qd2+ 29. Qxd2 Bxd2 30. Nb5 Bxe1+ 31. Rxe1 a6 32. Nxc7 Rc8 33. cxd6 Rxd6 34. Nxe5 Bh3 35. Nc4 Rf6 36. e5 Rxc7 37. exf6 Rxc4 38. Re7 Bg4 39. d6 Rd4 40. Rxb7 Kf8 41. Ra7 Rxd6 42. f7 Rb6 43. a5 Rxb4 44. Rxa6 Ra4 45. Rg6 Bh5 46. Rg5 Bxf7 47. Kxf3 1/2-1/2